Travel Vocabulary : Italian - Statistics

General Stats
  • This quiz has been taken 420 times
  • The average score is 11 of 14
Answer Stats
Italian English % Correct
Grazie Thank you
98%
Parla inglese? Do you speak english?
94%
Come sta? How are you?
94%
Quanto costa? HoW much does that cost?
94%
Non capisco I don't understand.
88%
Mi dispiace. I'm sorry.
83%
Metropolitana Subway
78%
Biglietto Ticket
74%
Bagaglio Baggage
70%
Mi puó aiutare? Can you help me?
69%
Bagno Toilet
63%
Barca Boat
60%
Stanza Room
58%
Chiosco Kiosk
40%
No matching quizzes found
Score Distribution
Percent of People with Each Score
Percentile by Number Answered
Your Score History
You have not taken this quiz